Plus gros producteurs de poulet au monde - Statistiques

Statistiques générales
  • Ce quiz a été pris 117 fois
  • Le résultat moyen est 8 sur 10
Statistiques - réponses
Hint Réponse % Correct
19 901 890 tonnes États-Unis
99%
15 476 826 tonnes Chine
97%
14 833 000 tonnes Brésil
91%
5 019 410 tonnes Inde
91%
5 339 500 tonnes Russie
90%
3 888 207 tonnes Mexique
88%
2 287 016 tonnes Argentine
78%
2 384 255 tonnes Japon
74%
4 444 252 tonnes Indonésie
71%
2 328 790 tonnes Turquie
62%
Aucun quiz correspondant
Distribution des résultats
% des personnes avec chaque résultat
Percentile par nombre de réponses
Votre historique - résultats
Vous n’avez pas pris ce quiz